[Event "Ch Mecklenburg-Vorpommern (seniors)"]
[Site "masterchessopen.com - Mecklenburg-Vorpommern (Germany)"]
[Round "7"]
[White "Karwen Werner (GER)"]
[Black "Betke Arno"]
[Result "0-1"]
[WhiteElo "1782"]
[BlackElo "1569"]

1.d4 e6 2.c4 Nf6 3.Nc3 c5 4.d5 exd5 5.cxd5 d6 6.e4 g6 7.Bg5 Bg7 8.Qd2 a6 9.Bh6
O-O 10.Bxg7 Kxg7 11.Bd3 b5 12.b3 Re8 13.Nge2 b4 14.Na4 Nxe4 15.Bxe4 Rxe4
16.O-O Bd7 17.Nb2 Bb5 18.Nd3 Nd7 19.f3 Re8 20.Rae1 Qf6 21.Nec1 Nb6 22.Qf2 Nxd5
23.g3 Rxe1 24.Rxe1 Re8 25.Rf1 Re3 26.Nxc5 dxc5 {#R} 0-1

[Event "Ch Moscow (1/2 final) (open)"]
[Site "masterchessopen.com - Moscow (Russia)"]
[Round "5"]
[White "Lagashin Pavel (RUS)"]
[Black "Chasovnikova Eugenia (RUS)"]
[Result "0-1"]
[WhiteElo "2027"]
[BlackElo "2197"]

1.d4 Nf6 2.c4 c5 3.d5 e6 4.Nc3 exd5 5.cxd5 d6 6.e4 g6 7.Bg5 Bg7 8.Bb5+ Nbd7
9.Nge2 a6 10.Qa4 O-O 11.O-O Nb6 {#R} 0-1

[Event "Czech League 2006/07 (2nd) (e)"]
[Site "masterchessopen.com - Czech Republic"]
[Date "2007.03.03"]
[Round "9"]
[White "Svoboda Rostislav (CZE)"]
[Black "Zboril Tomas (CZE)"]
[Result "1-0"]
[WhiteElo "2017"]
[BlackElo "2127"]

1.d4 Nf6 2.c4 c5 3.d5 e6 4.Nc3 exd5 5.cxd5 d6 6.e4 g6 7.h3 Bg7 8.Nf3 O-O 9.Bd3
b5 10.Nxb5 Nxe4 11.Bxe4 Re8 12.Ng5 h6 13.Ne6 Qa5+ 14.Nc3 fxe6 15.O-O e5
16.Bxg6 Rf8 17.Qh5 Nd7 18.Ne4 Nf6 19.Nxf6+ Rxf6 20.Bxh6 Qc7 21.Bg5 {#r} 1-0

[Event "It (cat.3)"]
[Site "masterchessopen.com - Givataim (Israel)"]
[Date "2007.04.11"]
[Round "5"]
[White "Arlinsky Uriel (ISR)"]
[Black "Porat Maya (ISR)"]
[Result "0-1"]
[WhiteElo "2299"]
[BlackElo "2208"]

1.d4 Nf6 2.c4 c5 3.d5 e6 4.Nc3 exd5 5.cxd5 d6 6.e4 g6 7.h3 Bg7 8.Nf3 O-O 9.Bd3
b5 10.Bxb5 Nxe4 11.Nxe4 Qa5+ 12.Nfd2 Qxb5 13.Qb3 Qa6 14.Qc4 Re8 15.Qxa6 Bxa6
16.Kd1 Re5 17.Nxd6 Be2+ 18.Kc2 Rxd5 19.Ne8 Nc6 20.Nxg7 Nb4+ 21.Kb3 a5 22.Ka4
Rb8 23.b3 Nc2 24.Ne8 Rb4+ {#R} 0-1

[Event "Ch World (schools) (under 13)"]
[Site "masterchessopen.com - Halkidiki (Greece)"]
[Date "2007.05.01"]
[Round "5"]
[White "Sathyanandha Saravanan (ENG)"]
[Black "Sadykov Ramil (RUS)"]
[Result "0-1"]
[WhiteElo "1903"]
[BlackElo "2133"]

1.d4 Nf6 2.c4 c5 3.d5 e6 4.Nc3 exd5 5.cxd5 d6 6.e4 g6 7.Bd3 Bg7 8.Nge2 O-O
9.O-O a6 10.a4 Re8 11.Bg5 Nbd7 12.f4 Qb6 13.a5 Qa7 14.Bc4 Nxe4 15.Nxe4 Rxe4
16.Qd3 Re8 17.Nc3 Nf8 18.Na4 Bf5 19.Qg3 Nd7 20.Rfe1 b5 21.axb6 Nxb6 22.Nxb6
Qxb6 23.h3 Qxb2 24.Rxa6 Qd4+ {#R} 0-1

[Event "Tournament \"]
[Site "masterchessopen.com - Lodz (Poland)"]
[Date "2007.05.23"]
[Round "5"]
[White "Gawronski Miroslaw (POL)"]
[Black "Rawicz Karol (POL)"]
[Result "1-0"]
[WhiteElo "2249"]
[BlackElo "2195"]

1.d4 Nf6 2.c4 c5 3.d5 e6 4.Nc3 exd5 5.cxd5 d6 6.e4 g6 7.Bd3 Bg7 8.h3 O-O 9.Nf3
Re8 10.O-O a6 11.a4 Qc7 12.Nd2 Nbd7 13.Nc4 Ne5 14.Nxe5 Rxe5 15.Bf4 Re8 16.Rc1
c4 17.Bb1 Bd7 18.b3 b5 19.Qf3 Nh5 20.Bg5 Qa5 21.bxc4 bxc4 22.g4 Re5 23.Bd2 Nf6
24.Bf4 Ree8 25.Bxd6 {#r} 1-0

[Event "Ch Skopje"]
[Site "masterchessopen.com - Skopje (Macedonia)"]
[Round "2"]
[White "Andonovski Ljubisa (MKD)"]
[Black "Rusomanov Atanas (MKD)"]
[Result "1-0"]
[WhiteElo "2308"]
[BlackElo "2164"]

1.d4 Nf6 2.c4 e6 3.Nc3 c5 4.d5 exd5 5.cxd5 d6 6.e4 g6 7.Bd3 Bg7 8.h3 O-O 9.Nf3
b5 10.Bxb5 Nxe4 11.Nxe4 Qa5+ 12.Nfd2 Qxb5 13.Nxd6 Qa6 14.N2c4 Nd7 15.O-O Nb6
16.Nxb6 Qxb6 17.Nxc8 Raxc8 18.Qf3 Qb7 19.Bg5 Bd4 20.Rab1 f6 21.Be3 Rcd8
22.Rfd1 Bxe3 23.Qxe3 {#r} 1-0

[Event "Memorial R.Nezhmetdinov (open)"]
[Site "masterchessopen.com - Kazan (Russia)"]
[Date "2007.06.09"]
[Round "9"]
[White "Bogdanov Nikolay (RUS)"]
[Black "Magrifin Iljanur (RUS)"]
[Result "0-1"]
[WhiteElo "1989"]
[BlackElo "2167"]

1.d4 Nf6 2.c4 c5 3.d5 e6 4.Nc3 exd5 5.cxd5 d6 6.e4 g6 7.Bc4 Bg7 8.f4 O-O 9.Nf3
Re8 10.Qc2 a6 11.Be2 b5 12.Nd2 Bg4 13.O-O b4 14.e5 bxc3 15.Nc4 Bxe2 16.Qxe2
dxe5 17.fxe5 Qxd5 18.Bg5 Qe4 19.Qf2 Qxc4 20.exf6 Bh8 21.Rae1 Rxe1 22.Rxe1 Nd7
23.bxc3 Qxc3 24.h4 Bxf6 25.Bxf6 Qxf6 {#R} 0-1

[Event "It (open)"]
[Site "masterchessopen.com - La Fere (France)"]
[Date "2007.07.10"]
[Round "5"]
[White "Bedu Jean-Pierre"]
[Black "Delmont Jean-Robert (FRA)"]
[Result "0-1"]
[WhiteElo "1510"]
[BlackElo "2007"]

1.d4 Nf6 2.c4 c5 3.d5 e6 4.Nc3 exd5 5.cxd5 d6 6.e4 g6 7.Bd3 Bg7 8.Qc2 O-O
9.Nge2 a6 10.a4 Qc7 11.Be3 Ng4 12.Bf4 Ne5 13.f3 Nbd7 14.Ng3 Nxd3+ 15.Qxd3 Ne5
16.Bxe5 Bxe5 17.Rb1 Rb8 18.O-O c4 19.Qc2 b5 20.axb5 axb5 21.Nce2 h5 22.Rfc1 h4
23.Nf1 h3 24.Ne3 Qb6 25.Re1 Qxe3+ {#R} 0-1

[Event "Tournament (open)"]
[Site "masterchessopen.com - Samara (Russia)"]
[Date "2007.07.26"]
[Round "7"]
[White "Vakulenko Lutsy (RUS)"]
[Black "Dorofeev Gennady (RUS)"]
[Result "0-1"]
[WhiteElo "1820"]
[BlackElo "1784"]

1.d4 Nf6 2.c4 c5 3.d5 e6 4.Nc3 exd5 5.cxd5 d6 6.e4 a6 7.a4 g6 8.f4 Bg7 9.Nf3
Bg4 10.h3 Bxf3 11.Qxf3 Nbd7 12.Bd3 O-O 13.O-O Qc7 14.a5 c4 15.Be2 Nc5 16.b4
cxb3 {#R} 0-1

[Event "It (open)"]
[Site "masterchessopen.com - Goch (Germany)"]
[Date "2007.10.07"]
[Round "7"]
[White "Schnur Gerhard (GER)"]
[Black "Kennemann Reinhard Dr (GER)"]
[Result "1-0"]
[WhiteElo "2082"]
[BlackElo "1826"]

1.d4 Nf6 2.c4 e6 3.Nc3 c5 4.d5 exd5 5.cxd5 d6 6.e4 g6 7.Be2 Bg7 8.Bg5 O-O
9.Qd2 a6 10.a4 Re8 11.f3 Nbd7 12.Nh3 b6 13.O-O Qc7 14.Rfc1 Rb8 15.Nf2 b5
16.axb5 {#r} 1-0

[Event "It (open)"]
[Site "masterchessopen.com - Petrolina (Brazil)"]
[Date "2007.10.19"]
[Round "3"]
[White "Rodrigo da Silva Pablo"]
[Black "Lucas Gouveia Baptista Igor"]
[Result "1-0"]
[WhiteElo "1798"]
[BlackElo "1732"]

1.d4 Nf6 2.c4 c5 3.d5 e6 4.Nc3 exd5 5.cxd5 d6 6.e4 g6 7.Bf4 Bg7 8.Bb5+ Nbd7
9.Nf3 h6 10.Bxd7+ Nxd7 11.O-O O-O 12.a4 Rb8 13.a5 b5 14.axb6 Qxb6 15.Ra3 c4
16.Kh1 Nc5 17.Nd2 Nd3 18.Nxc4 Nxf2+ 19.Rxf2 Qxf2 20.Nxd6 Bd4 21.Nxc8 Rbxc8
22.e5 Rfe8 23.h3 Rb8 24.Ne4 Qh4 25.Nf6+ {#r} 1-0

[Event "It (open)"]
[Site "masterchessopen.com - Geneva (Switzerland)"]
[Date "2008.01.19"]
[Round "1"]
[White "Duport Nicolas (SUI)"]
[Black "Cornette Matthieu (FRA)"]
[Result "0-1"]
[WhiteElo "2099"]
[BlackElo "2548"]

1.d4 Nf6 2.c4 e6 3.Nc3 c5 4.d5 exd5 5.cxd5 d6 6.e4 g6 7.h3 Bg7 8.Nf3 a6 9.a4
Nbd7 10.Bd3 Nh5 11.O-O Ne5 12.Be2 Nxf3+ 13.Bxf3 Qh4 14.Be3 Nf4 15.Qd2 Be5
16.g3 Nxh3+ 17.Kg2 Qf6 18.Bd1 g5 19.a5 Nf4+ 20.Kg1 Rg8 21.Ba4+ Kf8 22.Rfe1 Qh6
23.Bd1 Qh3 24.Bf3 Bg4 25.Qd1 Rg6 {#R} 0-1

[Event "Ch City"]
[Site "masterchessopen.com - Kiev (Ukraine)"]
[Date "2008.01.21"]
[Round "3"]
[White "Sidorchuk Dmitry (UKR)"]
[Black "Matorin Evgeny (RUS)"]
[Result "1-0"]
[WhiteElo "2266"]
[BlackElo "2223"]

1.d4 Nf6 2.c4 e6 3.Nc3 c5 4.d5 exd5 5.cxd5 d6 6.e4 Be7 7.Bb5+ Bd7 8.a4 O-O
9.e5 Ne8 10.f4 Bxb5 11.axb5 Nd7 12.Nf3 Qb8 13.Qe2 Nc7 14.O-O Re8 15.Qd3 a6
16.Qf5 Qc8 17.exd6 Bxd6 18.bxa6 bxa6 19.Ne4 Bf8 20.Nfg5 {#r} 1-0

[Event "Czech League 2007/08 (2nd) (a)"]
[Site "masterchessopen.com - Czech Republic"]
[Date "2008.03.02"]
[Round "9"]
[White "Meszaros Ludek (CZE)"]
[Black "Bebiak Jozef (SVK)"]
[Result "1-0"]
[WhiteElo "2223"]
[BlackElo "2101"]

1.d4 Nf6 2.c4 c5 3.d5 e6 4.Nc3 exd5 5.cxd5 d6 6.e4 a6 7.a4 Be7 8.f4 O-O 9.e5
dxe5 10.fxe5 Ng4 11.Nf3 Re8 12.Bf4 Bf6 13.Be2 Nxe5 14.Nxe5 Bxe5 15.Bxe5 Rxe5
16.O-O Nd7 17.a5 Qh4 18.Ra4 Qh6 19.Raf4 Nf6 20.Qb3 Rb8 21.Qb6 Bd7 22.Qd6 Rbe8
23.Rxf6 gxf6 24.Qxd7 Rxe2 25.Nxe2 Rxe2 26.Qg4+ {#r} 1-0

[Event "Ch Mittelfranken (team) (B2b) 2007/08"]
[Site "masterchessopen.com - Germany"]
[Date "2008.03.02"]
[Round "7"]
[White "Diller Marianne"]
[Black "Reuschel Stefan (GER)"]
[Result "1-0"]
[WhiteElo "1921"]
[BlackElo "1966"]

1.d4 Nf6 2.c4 e6 3.Nc3 c5 4.d5 exd5 5.cxd5 d6 6.e4 a6 7.Bd3 b5 8.a3 Bg4 9.Nge2
Nbd7 10.O-O g5 11.f3 Bh5 12.Bxg5 Rg8 13.Bh4 Ne5 14.Ng3 Bg6 15.Be2 b4 16.axb4
cxb4 17.Bxf6 Qb6+ 18.Kh1 bxc3 19.Qa4+ Nd7 20.bxc3 {#r} 1-0

[Event "Memorial V.Nabokov (cat.7)"]
[Site "masterchessopen.com - Kiev (Ukraine)"]
[Date "2008.04.06"]
[Round "3"]
[White "Shishkin Vadim (UKR)"]
[Black "Matorin Evgeny (RUS)"]
[Result "1-0"]
[WhiteElo "2502"]
[BlackElo "2223"]

1.d4 Nf6 2.c4 e6 3.Nc3 c5 4.d5 exd5 5.cxd5 d6 6.e4 Be7 7.f4 O-O 8.Nf3 Bg4 9.h3
Bxf3 10.Qxf3 Re8 11.Bd3 Bf8 12.O-O Qc7 13.b3 a6 14.a4 Qb6 15.Bc4 Qa7 16.g4
Nfd7 17.Bd2 Nb6 18.e5 Nxc4 19.bxc4 b5 20.axb5 dxe5 21.fxe5 Rxe5 22.bxa6 f6
23.Nb5 Qb6 24.Ba5 Qxa6 25.Bc3 {#r} 1-0

[Event "Memorial V.Nabokov (cat.7)"]
[Site "masterchessopen.com - Kiev (Ukraine)"]
[Date "2008.04.08"]
[Round "6"]
[White "Shishkin Vadim (UKR)"]
[Black "Pavlov Sergey (UKR)"]
[Result "0-1"]
[WhiteElo "2502"]
[BlackElo "2443"]

1.d4 Nf6 2.c4 c5 3.d5 e6 4.Nc3 exd5 5.cxd5 d6 6.e4 g6 7.Bd3 Bg7 8.h3 O-O 9.Nf3
b5 10.Nxb5 Re8 11.Nd2 Nxe4 12.Bxe4 Ba6 13.a4 Qa5 14.Nxd6 Nd7 15.g4 Rxe4+
16.Nxe4 Ne5 17.Ra3 Nd3+ 18.Rxd3 Bxd3 19.Qf3 c4 20.b3 Re8 21.Kd1 Bxe4 22.Nxe4
cxb3 23.Nd6 Re5 24.Qxf7+ Kh8 25.Be3 Qa6 26.Ne8 Qd3+ 27.Ke1 Re7 {#R} 0-1

[Event "It (open) \"]
[Site "masterchessopen.com - Athens (Greece)"]
[Date "2008.04.14"]
[Round "4"]
[White "Koutsogiannopoulou Theodora (GRE)"]
[Black "Ntatsis Georgios (GRE)"]
[Result "0-1"]
[WhiteElo "1824"]
[BlackElo "1954"]

1.d4 Nf6 2.c4 c5 3.d5 e6 4.Nc3 exd5 5.cxd5 d6 6.e4 g6 7.Bb5+ Bd7 8.Bd3 Bg7
9.f4 O-O 10.Nf3 b5 11.e5 Nh5 12.O-O Qb6 13.Kh1 Bg4 14.Qe1 Bxf3 15.Rxf3 b4
16.Nb5 dxe5 17.fxe5 Nd7 18.e6 Ne5 19.e7 Rfe8 20.d6 Nxd3 21.Rxd3 Qxb5 22.Qd1
Qd7 23.a3 c4 24.Rf3 Rxe7 {#R} 0-1

[Event "It (open)"]
[Site "masterchessopen.com - Krakow (Poland)"]
[Date "2008.04.28"]
[Round "2"]
[White "Swiech Przemyslaw (POL)"]
[Black "Roose Jan (BEL)"]
[Result "0-1"]
[WhiteElo "1448"]
[BlackElo "2316"]

1.d4 Nf6 2.c4 c5 3.d5 e6 4.Nc3 exd5 5.cxd5 d6 6.e4 g6 7.Bb5+ Nbd7 8.a4 a6
9.Bc4 Bg7 10.Rb1 O-O 11.Nge2 Ne5 12.b3 Nh5 13.O-O f5 14.f3 f4 15.Bd2 g5 16.Qc1
Bd7 17.Nd1 b5 18.a5 bxc4 19.bxc4 Rb8 20.Rxb8 Qxb8 21.Qc2 Nxc4 {#R} 0-1

[Event "Ch Ukraine (1/2 final) (w)"]
[Site "masterchessopen.com - Evpatoria (Ukraine)"]
[Date "2008.05.26"]
[Round "5"]
[White "Yushko Olga (UKR)"]
[Black "Gritsayeva Oksana (UKR)"]
[Result "0-1"]
[WhiteElo "2113"]
[BlackElo "2287"]

1.d4 Nf6 2.c4 e6 3.Nc3 c5 4.d5 exd5 5.cxd5 d6 6.e4 g6 7.Bd3 Bg7 8.h3 O-O
9.Nge2 Re8 10.O-O c4 11.Bxc4 Nxe4 12.Nxe4 Rxe4 13.Qc2 Re8 14.Be3 Nd7 15.Rac1
a6 16.b4 Ne5 17.Bd4 Bf5 18.Qd1 Qh4 19.Bxe5 Bxe5 20.Qd2 Bg7 21.f4 Qf6 22.Ng3
Bd7 23.Qd3 Rac8 24.Ne2 Qb2 25.Qb3 Rxe2 {#R} 0-1

[Event "Ch Germany (juniors) (Internet) (under 18) (qual2)"]
[Site "masterchessopen.com - Internet"]
[Date "2008.06.04"]
[Round "3"]
[White "Rempeli Alex (GER)"]
[Black "Frank Christian (GER)"]
[Result "1-0"]
[WhiteElo "1768"]
[BlackElo "1936"]

1.d4 Nf6 2.c4 e6 3.Nc3 c5 4.d5 exd5 5.cxd5 d6 6.e4 g6 7.Nge2 Bg7 8.Ng3 O-O
9.Be2 Re8 10.O-O a6 11.a4 h5 12.h3 Nbd7 13.Bg5 Qc7 14.Qd2 Rb8 15.a5 c4 16.Rfc1
b5 17.axb6 Rxb6 18.Na4 Rb3 19.Rxc4 Qb7 20.Rc6 Ne5 21.Rxd6 {#r} 1-0

[Event "It (open)"]
[Site "masterchessopen.com - Athens (Greece)"]
[Date "2008.06.14"]
[Round "1"]
[White "Nikolaidis Konstantinos (GRE)"]
[Black "Michelakos Panagiotis (GRE)"]
[Result "1-0"]
[WhiteElo "2264"]
[BlackElo "1997"]

1.d4 Nf6 2.c4 c5 3.d5 e6 4.Nc3 exd5 5.cxd5 d6 6.e4 g6 7.h3 Bg7 8.Nf3 O-O 9.Bd3
Re8 10.O-O Bd7 11.a4 Na6 12.Re1 Nb4 13.Bf4 Qc7 14.Re2 Nh5 15.Bg5 h6 16.Be3 f5
17.exf5 Nxd3 18.Qxd3 Bxf5 19.Qd2 Nf6 20.Bxh6 Rxe2 21.Nxe2 Bxh6 22.Qxh6 Nxd5
23.Rd1 Re8 24.Ng3 Ne7 25.Ng5 Nc8 26.Nxf5 gxf5 27.Qg6+ {#r} 1-0

[Event "It (open) \"]
[Site "masterchessopen.com - Bratislava (Slovakia)"]
[Date "2008.06.29"]
[Round "2"]
[White "Ballo Juraj"]
[Black "Sturc Gustav (SVK)"]
[Result "0-1"]
[WhiteElo "1350"]
[BlackElo "2070"]

1.d4 Nf6 2.c4 c5 3.d5 e6 4.Nc3 exd5 5.cxd5 d6 6.e4 g6 7.h3 Bg7 8.Bg5 O-O 9.Qd2
Nbd7 10.Nf3 a6 11.a4 Qa5 12.Ra2 Re8 13.Bd3 c4 14.Bc2 Nc5 15.Bxf6 Bxf6 16.O-O
Bd7 17.Re1 Qc7 18.Qf4 Bg7 19.Nd2 b5 20.b4 cxb3 21.Nxb5 axb5 22.Nxb3 Nxb3
23.Bxb3 Be5 24.Rc2 Qxc2 {#R} 0-1

[Event "Cup Volga (open)"]
[Site "masterchessopen.com - Kostroma (Russia)"]
[Round "1"]
[White "Lozbenev Pavel (RUS)"]
[Black "Krylov Ivan (RUS)"]
[Result "1-0"]
[WhiteElo "2095"]
[BlackElo "1877"]

1.d4 Nf6 2.c4 c5 3.d5 e6 4.Nc3 exd5 5.cxd5 d6 6.e4 g6 7.Bd3 Bg7 8.h3 a6 9.a4
b6 10.Nf3 O-O 11.O-O Nbd7 12.Bf4 Qe7 13.Nd2 Nh5 14.Bh2 Ne5 15.Be2 Nf6 16.f4
Ned7 17.Bf3 Rb8 18.Re1 Ne8 19.e5 dxe5 20.Nc4 Nd6 21.Nxe5 Nxe5 22.fxe5 Nf5
23.e6 Bd4+ 24.Kh1 Rb7 25.d6 Nxd6 26.exf7+ Qxf7 27.Bd5 {#r} 1-0

[Event "Memorial M.Piasty (open)"]
[Site "masterchessopen.com - Tarnowskie Gory (Poland)"]
[Date "2008.07.30"]
[Round "7"]
[White "Chmiel Piotr (POL)"]
[Black "Gwozdzik Zbigniew (POL)"]
[Result "1-0"]
[WhiteElo "1983"]
[BlackElo "1934"]

1.d4 Nf6 2.c4 e6 3.Nc3 c5 4.d5 exd5 5.cxd5 d6 6.e4 g6 7.Bg5 h6 8.Bd2 Bg7 9.Bd3
a6 10.a4 Nbd7 11.f4 O-O 12.Nf3 Re8 13.O-O c4 14.Bc2 Qb6+ 15.Kh1 Ng4 16.Qc1 f5
17.a5 Qa7 18.h3 Nf2+ 19.Rxf2 Qxf2 20.Be3 Qg3 {#r} 1-0

[Event "It (open)"]
[Site "masterchessopen.com - Creon (France)"]
[Date "2008.08.02"]
[Round "8"]
[White "Locatelli Claude (FRA)"]
[Black "Vervelle Sebastien (FRA)"]
[Result "0-1"]
[WhiteElo "1592"]
[BlackElo "1835"]

1.d4 Nf6 2.c4 c5 3.d5 d6 4.Nc3 e6 5.e4 exd5 6.cxd5 g6 7.Bd3 Bg7 8.Nge2 O-O
9.h3 a6 10.a4 Nbd7 11.f4 Re8 12.O-O Rb8 13.Ng3 Qc7 14.Be3 c4 15.Be2 Nc5
16.Bxc4 Ncxe4 17.Ngxe4 Nxe4 18.Rc1 Nxc3 19.Rxc3 Bxc3 20.bxc3 Rxe3 21.Qd4 Qc5
{#R} 0-1

[Event "It (open)"]
[Site "masterchessopen.com - Kiel (Germany)"]
[Date "2008.08.10"]
[Round "4"]
[White "Schwerdtfeger Wolfgang (GER)"]
[Black "Hertel Johannes (GER)"]
[Result "0-1"]
[WhiteElo "1842"]
[BlackElo "1989"]

1.d4 Nf6 2.c4 e6 3.Nc3 c5 4.d5 exd5 5.cxd5 d6 6.e4 g6 7.Bb5+ Nbd7 8.h3 a6
9.Bxd7+ Bxd7 10.Bf4 Qe7 11.f3 Nh5 12.Bh2 Qh4+ 13.Kf1 Ng3+ 14.Bxg3 Qxg3 15.Nge2
Qh4 16.Qe1 Qe7 17.a4 Bg7 18.h4 f5 19.exf5 Bxf5 20.Nf4 Be5 21.Qd2 O-O 22.Nd3
Bg3 23.h5 Rae8 24.hxg6 Bxd3+ {#R} 0-1

[Event "Cup President (open)"]
[Site "masterchessopen.com - Al Ain (United Arab Emirates)"]
[Date "2008.08.27"]
[Round "6"]
[White "Othman A Moussa (UAE)"]
[Black "Mohamed Hossein (UAE)"]
[Result "1-0"]
[WhiteElo "2336"]
[BlackElo "2193"]

1.d4 Nf6 2.c4 c5 3.d5 e6 4.Nc3 exd5 5.cxd5 d6 6.e4 g6 7.Bd3 Bg7 8.h3 O-O 9.Nf3
Bd7 10.O-O b5 11.a3 c4 12.Bc2 a5 13.Be3 Na6 14.Rc1 Re8 15.Bd4 b4 16.axb4 axb4
17.Ne2 Bb5 18.Re1 Nxe4 19.Bxg7 Kxg7 20.Ned4 Nf6 21.Nxb5 Qb6 22.Rxe8 Rxe8
23.Nbd4 b3 24.Bb1 Rc8 25.Nxb3 {#r} 1-0

[Event "It (open)"]
[Site "masterchessopen.com - Izmir (Turkey)"]
[Date "2008.08.30"]
[Round "1"]
[White "Morchiashvili Bachana (GEO)"]
[Black "Orakci Muratcan (TUR)"]
[Result "1-0"]
[WhiteElo "2411"]
[BlackElo "1845"]

1.d4 Nf6 2.c4 c5 3.d5 e6 4.Nc3 exd5 5.cxd5 d6 6.e4 Nbd7 7.f4 a6 8.Nf3 b5 9.e5
dxe5 10.fxe5 Ng4 11.Bf4 g6 12.h3 Nh6 13.g4 Nb6 14.Qd2 b4 15.Ne4 Ng8 16.d6 Bg7
17.Nxc5 Be6 18.Bxa6 Nd5 19.Bg5 f6 20.Nxe6 {#r} 1-0

[Event "Ch Poland (team) (Extra League)"]
[Site "masterchessopen.com - Karpacz (Poland)"]
[Date "2008.09.07"]
[Round "2"]
[White "Sopur Lech (POL)"]
[Black "Butkiewicz Lukasz (POL)"]
[Result "0-1"]
[WhiteElo "2425"]
[BlackElo "2328"]

1.d4 Nf6 2.c4 c5 3.d5 e6 4.Nc3 exd5 5.cxd5 d6 6.e4 g6 7.h3 Bg7 8.Nf3 O-O 9.Bd3
b5 10.Nxb5 Re8 11.O-O Nxe4 12.Bxe4 Rxe4 13.Ng5 Rb4 14.Qf3 Bf5 15.g4 Rxb5
16.gxf5 Qe7 17.Ne4 Nd7 18.Bg5 Qe5 19.Bf4 Qxd5 20.Rad1 Bd4 21.Bxd6 Re8 22.Rfe1
Rxe4 23.Qxe4 Qxd6 24.Qe8+ Kg7 25.f6+ Nxf6 {#R} 0-1

[Event "Olympiad (for the Blind)"]
[Site "masterchessopen.com - Heraklion (Greece)"]
[Date "2008.10.19"]
[Round "1"]
[White "Pohlers Juergen (GER)"]
[Black "Hengles Roberto (BRA)"]
[Result "0-1"]
[WhiteElo "2112"]
[BlackElo "1976"]

1.d4 Nf6 2.c4 c5 3.d5 e6 4.Nc3 exd5 5.cxd5 d6 6.e4 g6 7.Bd3 Bg7 8.Nge2 a6 9.a4
Nbd7 10.O-O O-O 11.Ng3 Re8 12.f4 Qc7 13.Be3 c4 14.Be2 Nc5 15.Qc2 Ncxe4
16.Ncxe4 Nxe4 17.Nxe4 Bf5 18.Bf3 Bxe4 19.Bxe4 f5 20.Bxf5 Rxe3 21.Be6+ Kh8
22.f5 Qb6 23.Rf2 Rb3 24.Rf1 Rxb2 25.Qe4 Bd4 26.Kh1 Rxf2 {#R} 0-1

[Event "Ch Madrid (Previa A)"]
[Site "masterchessopen.com - Madrid (Spain)"]
[Date "2008.11.04"]
[Round "2"]
[White "Zuazua Conde Ivan Javier (ESP)"]
[Black "Perez Cameselle Francisco (ESP)"]
[Result "0-1"]
[WhiteElo "1477"]
[BlackElo "2010"]

1.d4 Nf6 2.c4 c5 3.d5 e6 4.Nc3 exd5 5.cxd5 d6 6.e4 g6 7.Bb5+ Nbd7 8.Nf3 Bg7
9.Be3 O-O 10.h3 a6 11.Be2 Re8 12.Qc2 b5 13.Nd2 Qe7 14.f3 b4 15.Nd1 Nb6 16.Nc4
Nxc4 17.Qxc4 Bd7 18.Nf2 Bb5 19.Qc2 Nxd5 20.Bxb5 Nxe3 21.Qd2 axb5 22.Qxe3 Bxb2
23.Rb1 Bc3+ 24.Kf1 Rxa2 25.Nd3 Qh4 {#R} 0-1

[Event "It (open)"]
[Site "masterchessopen.com - Obrenovac (Serbia)"]
[Date "2008.11.27"]
[Round "1"]
[White "Rajkovic Dusan (SRB)"]
[Black "Jovanovic Miroslav (SRB)"]
[Result "1-0"]
[WhiteElo "2474"]
[BlackElo "2058"]

1.d4 Nf6 2.c4 e6 3.Nc3 c5 4.d5 exd5 5.cxd5 d6 6.e4 a6 7.f4 g6 8.e5 Nfd7 9.Nf3
dxe5 10.fxe5 Bg7 11.e6 Qe7 12.Be2 Nf6 13.Qa4+ Kf8 14.O-O fxe6 15.Ng5 h6
16.Nxe6+ Kg8 17.Qc2 Bxe6 18.dxe6 Kh7 19.Qxg6+ Kxg6 20.Bd3+ Ne4 21.Bxe4+ Kh5
22.Rf5+ Qg5 23.Bxg5 hxg5 24.Bxb7 Ra7 25.Rf7 Kg6 26.g4 Kh6 {#r} 1-0

[Event "Tournament (open) (youth)"]
[Site "masterchessopen.com - St. Petersburg (Russia)"]
[Date "2009.01.10"]
[Round "8"]
[White "Tkachev Taras (RUS)"]
[Black "Enalskiy Aleksey (RUS)"]
[Result "1-0"]
[WhiteElo "1966"]
[BlackElo "1688"]

1.d4 c5 2.d5 d6 3.c4 e6 4.Nc3 exd5 5.cxd5 Nf6 6.e4 Nbd7 7.Nf3 a6 8.a4 g6 9.Bf4
Qe7 10.Bd3 Ne5 11.O-O Nxf3+ 12.Qxf3 Bg4 13.Qg3 Rd8 14.e5 dxe5 15.Bxe5 Bf5
16.Bxf5 gxf5 17.Qg5 Qxe5 18.Rfe1 Ne4 19.Rxe4 Qxe4 20.Nxe4 fxe4 21.Qe5+ {#r}
1-0

[Event "Czech League 2008/09 (1st) East"]
[Site "masterchessopen.com - Czech Republic"]
[Date "2009.03.15"]
[Round "10"]
[White "Skacelik Petr (CZE)"]
[Black "Suchomel Jan (CZE)"]
[Result "1-0"]
[WhiteElo "2269"]
[BlackElo "2202"]

1.d4 Nf6 2.c4 c5 3.d5 e6 4.Nc3 exd5 5.cxd5 d6 6.e4 g6 7.h3 Bg7 8.Nf3 O-O 9.Bd3
b5 10.Nxb5 Nxe4 11.Bxe4 Re8 12.Ng5 Qa5+ 13.Nc3 Ba6 14.Bd2 Nd7 15.Qc2 f5 16.Ne6
Ne5 17.f4 Nc4 18.Bd3 Nxb2 19.Bxa6 Qxa6 20.Qxb2 Qd3 21.Kd1 Rab8 22.Qc2 Qg3
23.Re1 Bd4 24.Ne2 Qxg2 25.N2xd4 cxd4 26.Qc7 {#r} 1-0

[Event "Ch Russia (juniors) (under 14) (g) (1 league)"]
[Site "masterchessopen.com - Dagomys (Russia)"]
[Round "5"]
[White "Yakovleva Ekaterina (RUS)"]
[Black "Golovchanskaya Alina (RUS)"]
[Result "0-1"]
[WhiteElo "1942"]
[BlackElo "1546"]

1.d4 Nf6 2.c4 e6 3.Nc3 c5 4.d5 exd5 5.cxd5 d6 6.e4 g6 7.f3 Bg7 8.Be3 O-O 9.Bd3
a6 10.b3 Ng4 11.Bd2 Ne3 12.Qe2 Nxd5 13.exd5 Re8 14.Be4 f5 15.Qd3 fxe4 16.fxe4
Bf5 17.Rc1 Bxc3 18.Qxc3 Bxe4 19.Ne2 Bxg2 20.Rg1 Qh4+ 21.Kd1 Qe4 22.Qe3 Bf3
23.Qxe4 Rxe4 24.Re1 Nd7 25.Rc4 Rxe2 26.Rxe2 Re8 27.Rf4 Bxe2+ {#R} 0-1

[Event "It (cat.6)"]
[Site "masterchessopen.com - Coulsdon (England)"]
[Date "2009.04.15"]
[Round "4"]
[White "Savage Ben D (ENG)"]
[Black "Rudd Jack (ENG)"]
[Result "1-0"]
[WhiteElo "2324"]
[BlackElo "2326"]

1.d4 Nf6 2.c4 e6 3.Nc3 c5 4.d5 exd5 5.cxd5 d6 6.e4 g6 7.Bd3 Bg7 8.h3 O-O 9.Nf3
b5 10.Bxb5 Nxe4 11.Nxe4 Qa5+ 12.Nfd2 Qxb5 13.Nxd6 Qa6 14.N2c4 Rd8 15.Bf4 g5
16.Bh2 Rxd6 17.Nxd6 Bxb2 18.Qf3 Nd7 19.Qxf7+ Kh8 20.Qe8+ Kg7 21.Qf7+ Kh8
22.Qe8+ Kg7 23.Nf5+ Kf6 24.Qh8+ {#r} 1-0